Determinación del tipo de pavimento para la ruta Nº 39 conocida como anillo de circunvalación
Zapisane w:
| 1. autor: | |
|---|---|
| Format: | Książka |
| Wydane: |
San José, C.R.
1999
|
| Hasła przedmiotowe: | |
| Etykiety: |
Dodaj etykietę
Nie ma etykietki, Dołącz pierwszą etykiete!
|
MARC
| LEADER | 00000nam a2200000Ia 4500 | ||
|---|---|---|---|
| 003 | 007239 | ||
| 005 | 20221231144214.0 | ||
| 008 | 140114s1999 cr a m 000 ||s d | ||
| 040 | |c cru CEDI | ||
| 090 | |a TFG 4031 | ||
| 100 | |a Matamoros Loría, Eloy Alberto |9 8527 | ||
| 245 | |a Determinación del tipo de pavimento para la ruta Nº 39 conocida como anillo de circunvalación | ||
| 260 | |c 1999 |a San José, C.R. | ||
| 300 | |a 86, [197] hojas : ilustraciones | ||
| 500 | |a Proyecto de graduación (licenciatura en ingeniería civil)--Universidad de Costa Rica. Facultad de Ingeniería. Escuela de Ingeniería Civil | ||
| 650 | |x PAVIMENTOS - SUELOS (INGENIERIA) |x PAVIMENTOS DE ASFALTO |x VIAS DE CIRCUNVALACION |9 8528 | ||
| 942 | |c TFG | ||
| 999 | |c 18429 |d 18429 | ||
